| 000 | 00358nam a2200145Ia 4500 | ||
|---|---|---|---|
| 008 | 150201s2007 xx 000 0 und d | ||
| 082 |
_a403 _bM2007D |
||
| 100 | _aDXISTH,KRISHAN KANT | ||
| 245 | _aMANAK HINDI : SABADKOSH | ||
| 250 | _a1ST | ||
| 260 |
_bKAMAL PUBLICATION _aDELHI _c2007 |
||
| 300 | _a1-1280 | ||
| 650 | _aGENERAL DENTISTRY | ||
| 942 |
_2ddc _cBK |
||
| 999 |
_c3579 _d3579 |
||